Engineering Optimization Methods and Applications (Record no. 5713)

MARC details
000 -LEADER
fixed length control field 00375nam a2200145Ia 4500
008 - FIXED-LENGTH DATA ELEMENTS--GENERAL INFORMATION
fixed length control field 191201s2013 xx 000 0 und d
082 ## - DEWEY DECIMAL CLASSIFICATION NUMBER
Classification number 620.001
Item number RAE
100 ## - MAIN ENTRY--PERSONAL NAME
Personal name RAVINDRAN, A
245 #0 - TITLE STATEMENT
Title Engineering Optimization Methods and Applications
250 ## - EDITION STATEMENT
Edition statement Rep
260 ## - PUBLICATION, DISTRIBUTION, ETC. (IMPRINT)
Place of publication, distribution, etc N. Delhi
Name of publisher, distributor, etc Wiley Dreautech India
Date of publication, distribution, etc 2013
300 ## - PHYSICAL DESCRIPTION
Extent 667
650 ## - SUBJECT ADDED ENTRY--TOPICAL TERM
Topical term or geographic name as entry element B.Tech(ME)
942 ## - ADDED ENTRY ELEMENTS (KOHA)
Source of classification or shelving scheme Dewey Decimal Classification
Koha item type Text Books
Holdings
Withdrawn status Lost status Source of classification or shelving scheme Damaged status Not for loan Collection code Home library Current library Date acquired Source of acquisition Cost, normal purchase price Bill Number Total Checkouts Full call number Acc. no. / Barcode Date last seen Bill Date Koha item type Date last borrowed
    Dewey Decimal Classification     B.Tech(ME) PIET C-LIBRARY PIET C-LIBRARY 15/05/2013 IBH, New Delhi 419.00 1341   620.001 RAE 22328 04/12/2019 11/05/2013 Text Books  
    Dewey Decimal Classification     B.Tech(ME) PIET C-LIBRARY PIET C-LIBRARY 15/05/2013 IBH, New Delhi 419.00 1341   620.001 RAE 22329 04/12/2019 11/05/2013 Text Books  
    Dewey Decimal Classification     B.Tech(ME) PIET C-LIBRARY PIET C-LIBRARY 15/05/2013 IBH, New Delhi 419.00 1341 1 620.001 RAE 22330 07/12/2023 11/05/2013 Text Books 21/11/2023
    Dewey Decimal Classification     B.Tech(ME) PIET C-LIBRARY PIET C-LIBRARY 15/05/2013 IBH, New Delhi 419.00 1341   620.001 RAE 22331 13/09/2023 11/05/2013 Text Books  
    Dewey Decimal Classification     B.Tech(ME) PIET C-LIBRARY PIET C-LIBRARY 15/05/2013 IBH, New Delhi 419.00 1341   620.001 RAE 22332 04/12/2019 11/05/2013 Text Books  

Design & Developed by: PIET Central Library
R70 Miles Stone Pattikalyana Samalkha Panipat 132102
mail ID :- [email protected], Phone No:- 0180-2569700 Ex.216